Stálí členové a reforma Rady bezpečnosti OSN

Postavenie OSN v súčasnom svete a úloha Rady bezpečnosti OSN v nových podmienkach. Sila a význam Rady bezpečnosti OSN. Veľkosť a štruktúra. Požiadavky na reformu štruktúry. Reforma pracovných metód. Problematika práva veta. Záujmy Českej republiky a reforma Rady bezpečnosti OSN.

Salvato in:
Dettagli Bibliografici
Autore principale: Kortusová, Pavla
Natura: Capitolo di libro
Lingua:ceco
Soggetti:
Tags: Aggiungi Tag
Nessun Tag, puoi essere il primo ad aggiungerne!!

MARC

LEADER 00000naa a2200000 4500
001 r046436
005 20231004105332.8
041 0 |a cze 
044 |a CZ 
245 1 0 |a Stálí členové a reforma Rady bezpečnosti OSN  |c Pavla Kortusová 
520 |a Postavenie OSN v súčasnom svete a úloha Rady bezpečnosti OSN v nových podmienkach. Sila a význam Rady bezpečnosti OSN. Veľkosť a štruktúra. Požiadavky na reformu štruktúry. Reforma pracovných metód. Problematika práva veta. Záujmy Českej republiky a reforma Rady bezpečnosti OSN. 
610 2 0 |a spolupráca hospodárska medzinárodná 
610 2 0 |a organizácie medzinárodné 
610 2 0 |a pomoc hospodárska 
610 2 0 |a pomoc medzinárodná 
610 2 0 |a humanizmus 
610 2 0 |a reformy 
610 2 0 |a bezpečnosť 
610 2 0 |a OSN 
100 1 |a Kortusová, Pavla